• 首页
  • 本馆介绍
  • 公告通知
  • 最新文献
  • 馆藏检索
  • 电子资源
  • 读者导购
  • 参考咨询
  • 我的图书馆
  • 登录
  • 详细信息显示
  • 放入我的书架
  • 预约/预借图书
  • 作者相关作品
  • 分类相关作品
  • 丛书相关作品
  • 出版社相关作品

书目信息

  • 表格格式
  • 工作单格式
  • 卡片格式
题名:
哲学的还原:哲学与语言分析
    
 
作者: 查尔斯沃斯
分册:  
出版信息:   四川人民出版社  1987.07
页数: 334页
开本: 32开
丛书名:
单 册:
中图分类: B561.59-5
科图分类:
主题词: 哲学--欧洲
电子资源:
ISBN: 7-220-00025-1
000 00629nam0 2200205 45
001 9911301546
005 20240731153903.62
010    @a7-220-00025-1@d2.18
100    @a19991130d1987 km y0chiy0120 ea
101    @achi
102    @aCN@b510000
105    @a z 000yy
200 1  @a哲学的还原:哲学与语言分析@AZhe Xue De Hai Yuan:Zhe Xue Yu Yu Yan Fen Xi@f查尔斯沃斯@FCha Er Si Wo Si@g田晓春
210    @c四川人民出版社@d1987.07
210    @a成都@c四川人民出版社
215    @a334页@c无图表@d32开
606 0  @a哲学@x欧洲
690    @aB561.59-5@v3
801    @aCN@bPerfectUser@c19991130
905    @aBZT@b23503-504@f2@dB561.59-5@e1
    
    哲学的还原:哲学与语言分析/查尔斯沃斯/田晓春.-四川人民出版社,1987.07.-成都:四川人民出版社
    334页:无图表;32开
    
    
    ISBN 7-220-00025-1:2.18
    
●
相关链接 在五车中查询图书 在当当中查询图书 在豆瓣中查询图书


正题名:哲学的还原:哲学与语言分析     索取号:B561.59-5/1         预约/预借

序号 登录号 条形码 馆藏地/架位号 状态 备注
1 0359090   200389999   中心书库南/007架A面5层1列/ [索取号:B561.59-5/1] 在馆    
2 23503   200389980   中心书库南/007架A面5层1列/ [索取号:B561.59-5/1] 在馆    
3 58089   200238849   中心书库北库/ 北库001架B面1列3层41/ [索取号:B561.59-5/1] 在馆    
山东省滨州职业学院图书馆 欢迎您!
大连网信软件有限公司© 版权所有